Les 10 arts - Statistiques

Statistiques générales
  • Ce quiz a été pris 203 fois
  • Le résultat moyen est 4 sur 10
Statistiques - réponses
Arts % Correct
7e Cinéma
92%
2e Sculpture
66%
4e Musique
54%
1er Architecture
51%
9e Bande Dessinée
40%
5e Littérature
33%
6e Arts de la scène
9%
3e Arts visuels
8%
8e Arts médiatiques
5%
10e Vidéo et multimédia
0%
Aucun quiz correspondant
Distribution des résultats
% des personnes avec chaque résultat
Percentile par nombre de réponses
Votre historique - résultats
Vous n’avez pas pris ce quiz